zpět

Detail výsledku týmu

Hloupý Honza, Praha

Datum a čas kvízu

24 Celkem bodů Celkový počet nahraných bodů na tomto kvízu bez doplňovacích otázek.
14. Pořadí na kvízu Konečné umístění týmu na tomto kvízu.

Zaznamenané odpovědi

# Otázka Odpověď Body Výsledky
1. Tramvaje Dopravního podniku hl... NATO 0
2. Dvaaosmdesátiletý prezident Ab... Alžírsko 0
3. Ve finské Heinole se koná MS v... Žár 0
4. Od 11. do 17. března proběhl n... Týden mozku 0
5. V minulých dnech bylo oznámeno... do Saúdské Arábie 1
1. Začneme seriály Breaking Bad (... metamfetamin 1
2. Hlavní postava seriálu Ve jmén... Írán 1
3. V seriálu Boardwalk Empire ovl... Atlantic City 0
4. Herečku Robin Wrightovou, jedn... Forrest Gump 0
5. Ve filmech jako Tmavomodrý svě... David Novotný 0